000 00746nas a2200253 4500
001 BR9900707
003 BR-BrBNA
005 20231205101241.0
007 ta
008 230509b bl.|||p| |||| 00| 00por d
040 _aBR-BrBNA
_bpor
_cBiblioteca Nacional de Agricultura
041 _a(Pt)
072 _aP33
100 1 _aSantos, E. dos
100 1 _aGuerrini, I.A.
245 1 _aDeterminacao experimental da dimensao fractal do movimento da agua no solo em fluxos horizontais
650 _aSolo
650 _aAgua
650 _aUmidade do Solo
650 _aModelo Matematico
773 0 _tIrriga (Brazil)
_xISSN 1413-7895
_g(1998), v. 3(2) p. 96-107
_wBR9900707
909 _a202311
_bLúcia
_c55
_dLúcia Elande
942 _2AGRIS
_n0
_cANA
999 _c160688
_d160688